En images : Les présidents du Sénat - Statistiques

Statistiques générales
  • Ce quiz a été pris 60 fois
  • Le résultat moyen est 3 sur 6
Statistiques - réponses
Par images Réponse % Correct
Gérard {Larcher}
98%
Alain {Poher}
80%
Gaston {Monnerville}
48%
Jean-Pierre {Bel}
36%
René {Monory}
36%
Christian {Poncelet}
32%
Aucun quiz correspondant
Distribution des résultats
% des personnes avec chaque résultat
Percentile par nombre de réponses
Votre historique - résultats
Vous n’avez pas pris ce quiz